|
|
|
|
| LEADER |
00821cam a2200217 7i4500 |
| 001 |
0000078538 |
| 005 |
20090702090000.0 |
| 008 |
090702 |
| 020 |
# |
0 |
|a 0387444343
|
| 020 |
# |
0 |
|a 9780387444345
|
| 090 |
0 |
0 |
|a QH 541.15 .L35
|b M9 2006
|
| 100 |
1 |
# |
|a Myers, Wayne L.
|
| 245 |
1 |
0 |
|a Pattern-based compression of multi-band image data for landscape analysis
|c by Wayne L. Myers and Ganapati P. Patil.
|
| 260 |
# |
# |
|a New York:
|b Springer Science+Business,
|c 2006.
|
| 300 |
# |
# |
|a xiii, 186 p.:
|b ill.;
|c 25 cm..
|
| 490 |
0 |
0 |
|a Environmental and ecological statistics;
|v v.2
|
| 650 |
0 |
0 |
|a Landscape ecology --
|x Research --
|x Statistical methods
|
| 650 |
0 |
0 |
|a Landscape ecology --
|x Data processing
|
| 650 |
0 |
0 |
|a Landscape ecology --
|x Remote sensing
|
| 700 |
1 |
1 |
|a Patil, Ganapati P.
|
| 999 |
|
|
|a 1100052325
|b Book
|c Open Shelf
|e KOLEKSI TERBUKA
|